Movies Quiz

Random Movies or Definition Quiz

Movie Title Definitions Quiz Stats

 Plays Quiz Updated Dec 15, 2014

Challenge
Share
Tweet
Embed
Score 0/20 Timer 06:00
0 Plays Today
Titles Words Defined Movie % Correct
A person living in the United States.
A class where one learns about past events.
The 24th letter of the alphabet.
American History X
92%
Not wearing any clothes.
A midday meal.
Naked Lunch
89.4%
A small round jewel inside an oyster.
A sheltered port for ships.
Pearl Harbor
87.7%
A time when the whole world is destroyed.
At the present time.
Apocalypse Now
85.2%
To hit with your fist.
To be intoxicated from drink.
To enjoy something very much.
Punch-Drunk Love
81%
A hinged blind for a window.
A piece of land surrounded by water.
Shutter Island
80.3%
Higher-than-normal body temperature.
To throw a baseball to a batter.
Fever Pitch
80.1%
All the performers in a movie.
In a different direction.
Cast Away
78.8%
The soft inner part of fruit.
A literary work of make believe.
Pulp Fiction
73.4%
Small in size or number.
To fail to hit a target.
Light from the sun.
Little Miss Sunshine
71.1%
Titles Words Defined Movie % Correct
A strong sudden feeling of fear.
An area enclosed by walls.
Panic Room
60.1%
A sharp hit with the palm of the hand.
The firing of a gun or cannon.
Slap Shot
59.3%
Land that is always wet.
An entity that is not named specifically.
Swamp Thing
33.3%
To move the head quickly downward.
A liquid food.
Duck Soup
27%
A lofty level or position.
Extensive areas of treeless land.
A wanderer with no established home.
High Plains Drifter
23.6%
To come to a halt.
The process of creating something.
A general conscious awareness.
Stop Making Sense
22.9%
After all others.
The state of being active.
A person who is greatly admired.
Last Action Hero
22.8%
Extravagantly fanciful and unrealistic.
A long trip, especially by boat.
Fantastic Voyage
22.2%
Introducing radical change.
An open way for travel.
Revolutionary Road
12.1%
Impressive in size or scope.
An erroneous mental representation.
Grand Illusion
2.6%

You're not logged in!

Compare scores with friends on all Sporcle quizzes.
OR
Log In

You Might Also Like...

Show Comments

Extras

Top Quizzes Today


Score Distribution

Your Account Isn't Verified!

In order to create a playlist on Sporcle, you need to verify the email address you used during registration. Go to your Sporcle Settings to finish the process.

Report this User

Report this user for behavior that violates our Community Guidelines.

Details: